Markets,choice and equity in education

Αποθηκεύτηκε σε:
Λεπτομέρειες βιβλιογραφικής εγγραφής
Κύριος συγγραφέας: Gewirtz, Sharon 1964-
Άλλοι συγγραφείς: Ball, Stephen J., Bowe, Richard
Μορφή: Βιβλίο
Γλώσσα:English
Δημοσίευση: Buckingham : Open University Press, 1995
Θέματα:
Ετικέτες: Προσθήκη ετικέτας
Δεν υπάρχουν, Καταχωρήστε ετικέτα πρώτοι!

MARC

LEADER 00000nam a2200000 i 4500
001 1/86430
008 990712s1995 eng d
020 |a 0-335-19369-2 
035 |l 10052076 
040 |a GR-MY-UA  |b gre  |e aacr 
041 0 |a eng 
082 0 |a 371.01 
100 1 |a Gewirtz, Sharon  |d 1964- 
245 1 0 |a Markets,choice and equity in education /  |c Sharon Gewirtz, Stephen J.Ball, Richard Bowe 
260 |a Buckingham :   |b Open University Press,   |c 1995 
300 |a 209 p. 
650 0 0 |a School choice  |z Great Britain  |x Case studies. 
650 0 0 |a Education  |z Great Britain  |x Marketing  |x Case studies. 
650 0 0 |a Education  |x Economic aspects  |z Great Britain  |x Case studies. 
650 0 0 |a Politics and education  |z Great Britain  |x Case studies. 
700 1 |a Ball, Stephen J. 
700 1 |a Bowe, Richard. 
852 |a INST  |b RHODES  |e 19990712  |h 371.01 GEW  |p 005400014542  |q 005400014542  |t BK  |y 0 
901 |a BIBL4-1999-2 
909 |a Ρ  |b 065821 
922 |a 4ΕΛΗ  |b 199905  |c ΚΠΣ/154  |d LEADER 
970 |a ΤΕΡΝΕΖΗΣ  |b ΧΡΗΣΤΟΣ  |z 1999/07/12